| Tag |
First Indicator |
Second Indicator |
Subfields |
| LEADER |
00000cam a2200000 i 4500 |
| 001 |
in00000064810 |
| 005 |
20151008050715.0 |
| 008 |
760402r19761929ii 00100ceng |
| 010 |
|
|
|a 75906484
|
| 020 |
|
|
|c Rs40.00 (v. 1) Rs50.00 (v. 2)
|
| 035 |
|
|
|a (OCoLC)02136887
|
| 035 |
|
|
|9 AAG2787AM
|
| 040 |
|
|
|a DLC
|c DLC
|d TXA
|d UtOrBLW
|
| 043 |
|
|
|a a-ii---
|
| 049 |
|
|
|a TXAM
|c 1
|v 1 [1493839]
|v 2 [1112908]
|c 2
|v 2 [1115061]
|
| 050 |
0 |
0 |
|a DS411
|b .I52 1975
|
| 082 |
0 |
|
|a 954.02
|2 19
|
| 245 |
0 |
0 |
|a India in the seventeenth century, being an account of the two voyages to India by Ovington and Thevenot, to which is added the Indian travels of Careri /
|c edited with an introd. by J. P. Guha.
|
| 264 |
|
1 |
|a New Delhi :
|b Associated Pub. House,
|c [1975-]76.
|
| 264 |
|
4 |
|c ©1975-
|
| 300 |
|
|
|a 2 volumes ;
|c 23 cm.
|
| 336 |
|
|
|a text
|b txt
|2 rdacontent
|
| 337 |
|
|
|a unmediated
|b n
|2 rdamedia
|
| 338 |
|
|
|a volume
|b nc
|2 rdacarrier
|
| 490 |
0 |
|
|a Associated reprints ; 8
|
| 500 |
|
|
|a Reprint of the 1929 edition published by Oxford University Press, H. Milford, London.
|
| 500 |
|
|
|a Includes index.
|
| 505 |
0 |
|
|a v. 1. A voyage to Suratt in the year 1689.--v. 2. The voyages of Thevenot and Careri.
|
| 651 |
|
0 |
|a India
|x Description and travel.
|
| 700 |
1 |
|
|a Guha, J. P.
|
| 999 |
|
|
|a MARS
|
| 999 |
f |
f |
|s 21dc1237-1f31-3632-ba4c-eaf00f3ff770
|i 5b2b9a9d-51ca-3084-9547-2c002153bafe
|t 0
|
| 952 |
f |
f |
|p ric
|a Texas A&M University
|b Rellis Campus
|c Joint Library Facility
|d Remote Storage
|t 0
|e DS411 .I52 1975
|h Library of Congress classification
|i unmediated -- volume
|k v.1
|m A14802044031
|
| 952 |
f |
f |
|p ric
|a Texas A&M University
|b Rellis Campus
|c Joint Library Facility
|d Remote Storage
|t 0
|e DS411 .I52 1975
|h Library of Congress classification
|i unmediated -- volume
|k v.2
|m A14802044049
|
| 998 |
f |
f |
|a DS411 .I52 1975
|s v.1-v.2
|t 0
|l Remote Storage
|